|
|
|
|
| LEADER |
01428nam a2200373Ia 4500 |
| 001 |
EBC3050784 |
| 003 |
MiAaPQ |
| 005 |
20200520144314.0 |
| 006 |
m o d | |
| 007 |
cr cn||||||||| |
| 008 |
050128s2005 dcuab sb 000 0 eng d |
| 010 |
|
|
|z 2005041527
|
| 020 |
|
|
|z 0821360175
|
| 035 |
|
|
|a (MiAaPQ)EBC3050784
|
| 035 |
|
|
|a (Au-PeEL)EBL3050784
|
| 035 |
|
|
|a (CaPaEBR)ebr10078522
|
| 035 |
|
|
|a (CaONFJC)MIL14142
|
| 035 |
|
|
|a (OCoLC)59760490
|
| 040 |
|
|
|a MiAaPQ
|c MiAaPQ
|d MiAaPQ
|
| 050 |
|
4 |
|a HC950.Z9
|b C37 2005
|
| 082 |
0 |
4 |
|a 363/.09673
|2 22
|
| 245 |
0 |
0 |
|a Private solutions for infrastructure in Angola
|h [electronic resource] /
|c Public-Private Infrastructure Advisory Facility and the World Bank Group.
|
| 260 |
|
|
|a Washington, DC :
|b World Bank,
|c c2005.
|
| 300 |
|
|
|a xi, 140 p. :
|b ill., maps.
|
| 490 |
1 |
|
|a A country framework report
|
| 504 |
|
|
|a Includes bibliographical references.
|
| 533 |
|
|
|a Electronic reproduction. Ann Arbor, MI : ProQuest, 2015. Available via World Wide Web. Access may be limited to ProQuest affiliated libraries.
|
| 650 |
|
0 |
|a Infrastructure (Economics)
|z Angola.
|
| 650 |
|
0 |
|a Public-private sector cooperation
|z Angola.
|
| 651 |
|
0 |
|a Angola
|x Economic conditions.
|
| 655 |
|
4 |
|a Electronic books.
|
| 710 |
2 |
|
|a ProQuest (Firm)
|
| 830 |
|
0 |
|a Country framework report.
|
| 856 |
4 |
0 |
|u https://ebookcentral.proquest.com/lib/matrademy/detail.action?docID=3050784
|z Click to View
|